Quality Management (Record no. 318925)
[ view plain ]
| 000 -LEADER | |
|---|---|
| fixed length control field | 00449nam a2200169Ia 4500 |
| 008 - FIXED-LENGTH DATA ELEMENTS--GENERAL INFORMATION | |
| fixed length control field | 230718s9999 xx 000 0 und d |
| 041 ## - LANGUAGE CODE | |
| Language code of text/sound track or separate title | eng |
| 082 ## - DEWEY DECIMAL CLASSIFICATION NUMBER | |
| Classification number | 616.0754 |
| Item number | PAP |
| 100 ## - MAIN ENTRY--PERSONAL NAME | |
| Personal name | Papp J. |
| 9 (RLIN) | 160234 |
| 245 ## - TITLE STATEMENT | |
| Title | Quality Management |
| Remainder of title | In The Imaging Sciences |
| 260 ## - PUBLICATION, DISTRIBUTION, ETC. (IMPRINT) | |
| Name of publisher, distributor, etc. | Mosby Elsevier |
| 300 ## - PHYSICAL DESCRIPTION | |
| Accompanying material [OBSOLETE, CAN/MARC] | Ref 528 I ME (30132) |
| 365 ## - TRADE PRICE | |
| Currency code | Rs. |
| Price amount | 2445.00 |
| 500 ## - GENERAL NOTE | |
| Keywords | 528 I |
| 700 ## - ADDED ENTRY--PERSONAL NAME | |
| Personal name | Papp J. |
| 9 (RLIN) | 160234 |
| 906 ## - LOCAL DATA ELEMENT F, LDF (RLIN) | |
| d | B:481218-Jun-2008 |
| c | ME INS |
| b | 15 |
| Withdrawn status | Lost status | Source of classification or shelving scheme | Reference No | Damaged status | Not for loan | Home library | Current library | Date acquired | Vendor | Budget Code | Cost, normal purchase price | Bill number | Full call number | Barcode | Date last seen | Discount | Cost, replacement price | Bill Date | Koha item type | Original Barcode |
|---|---|---|---|---|---|---|---|---|---|---|---|---|---|---|---|---|---|---|---|---|
| Dewey Decimal Classification | Ref 528 I (30132) | Reference | Cummins College of Engineering for Women Pune | Cummins College of Engineering for Women Pune | 07/12/2008 | Tbs | ME INS | 2430.00 | 4812 | 616.0754 | CCEP-BK-30132 | 18/07/2023 | 15 | 2445.00 | 18/06/2008 | Books | 030132 |